Statistics for Major Territory/Region Flags

Click here to take the quiz!

General Stats

  • This quiz has been taken 23 times
  • The average score is 51 of 164

Answer Stats

Answer% Correct
England
100%
Scotland
95%
Wales
95%
Isle of Man
85%
Gibraltar
80%
Guernsey
80%
Jersey
80%
Bermuda
75%
Northern Ireland
75%
Anguilla
70%
British Indian Ocean Territory
70%
Greenland
65%
Niue
65%
Puerto Rico
65%
US Virgin Islands
65%
British Virgin Islands
60%
Cook Islands
60%
Faroe Islands
60%
Hong Kong
60%
Mayotte (Local/Traditional)
60%
Northern Cyprus
60%
Palestine
60%
Abkhazia
55%
Cayman Islands
55%
Falkland Islands
55%
French Polynesia
55%
Guadeloupe (Government)
55%
Macau
55%
New Caledonia
55%
Soviet Union
55%
Tibet
55%
Åland (Islands)
50%
Cocos (Keeling) Islands
50%
Guam
50%
Martinique (Government)
50%
Norfolk Island
50%
Somaliland
50%
South Ossetia
50%
United Nations
50%
Akrotiri and Dhekelia
45%
American Samoa
45%
Artsakh
45%
Aruba
45%
British Antarctic Territory
45%
Christmas Island
45%
Curacao
45%
East Germany
45%
French Guiana (Local)
45%
Guadeloupe (Local/Traditional)
45%
Guadeloupe (Local/Traditional)
45%
Martinique (Traditional)
45%
Montserrat
45%
Pitcairn Islands
45%
Saint Helena
45%
South Georgia and the South Sandwich Islands
45%
Tokelau
45%
Alderney
40%
Azores
40%
Bonaire (Alternatively Caribbean Netherlands)
40%
Melilla
40%
Northern Mariana Islands
40%
Saint Martin (Government)
40%
Sint Maarten
40%
Tristan da Cunha
40%
Turks and Caicos Islands
40%
Wallis and Futuna
40%
Yugoslavia
40%
Ceuta
35%
French Southern and Antarctic Lands/Adelie Land
35%
Madeira
35%
Quebec
35%
Reunion (Local)
35%
Satin Pierre and Miquelon
35%
Sint Eustatius
35%
Transnistria
35%
Wallonia
35%
Zanzibar
35%
Antarctica
30%
Ascension Island
30%
Bougainville
30%
Flanders
30%
Saba
30%
Sami People
30%
Sark
30%
Crimea
25%
French Guiana (Government)
25%
Martinique (Co-official/Local)
25%
Nunavut
25%
Ross Dependency
25%
Saint Barthelemy
25%
Tasmania
25%
Victoria
25%
British Columbia
20%
Chechnya
20%
Herm
20%
New South Wales
20%
Nova Scotia
20%
Queensland
20%
Sicily
20%
Tino rangatiratanga (National Maori Flag)
20%
Western Australia
20%
Alberta
15%
British Antarctic Territory (alternate)
15%
Chatham Islands
15%
Jammu and Kashmir
15%
Manitoba
15%
New Brunswick
15%
Newfoundland and Labrador
15%
Northern Territory
15%
Northwest Territories
15%
Ontario
15%
Prince Edward Island
15%
Puntland
15%
Saskatchewan
15%
Shetland
15%
South Australia
15%
Yukon
15%
Adjara
10%
Assyria
10%
Australian Aboriginal
10%
Australian Capital Territory
10%
East Karelians
10%
Gagauzia
10%
German-speaking community
10%
Kaliningrad
10%
Karakalpakstan
10%
Mallorca
10%
Menorca
10%
Republika Srpska
10%
Reunion (Traditional)
10%
Western Togoland
10%
Ambazonia
5%
Azad Kashmir
5%
Crete
5%
Forest Finns
5%
French Guiana (Traditional)
5%
Lord Howe Island
5%
North Caribbean Coast Autonomous Region
5%
Orkney
5%
South Caribbean Coast Autonomous Region
5%
Torres Strait Islander
5%
Transylvania
5%
Anjouan
0%
Bangsamoro
0%
Barra
0%
Chuuk State
0%
Grande Comore
0%
Greek Aromanians
0%
Guna Yala
0%
Ingrians
0%
Juneteenth
0%
Magallanes y la Antártica Chilena Region
0%
Moheli
0%
Moldavia
0%
Mount Athos
0%
Otago
0%
Outer Hebrides
0%
Province of Tierra del Fuego, Antarctica and South Atlantic Islands
0%
Rodrigues
0%
Sahrawi Arab Democratic Republic
0%
South Aegean
0%
South Uist
0%
Székely Land
0%
Western Greece
0%

Score Distribution

Percentile by Number Answered

Percent of People with Each Score

Your Score History

You have not taken this quiz